000
00313nam a22001217a 4500
008
230621b xxu||||| |||| 00| 0 eng d
082
_a
328.35
_b
IPC 1991
245
_a
Inter-Parliamentary Bulletin
_b
71st Year, 1991
260
_b
Inter-Parliamentary Union
_c
1991
300
_a
339p
440
_n
4
942
_2
ddc
_c
BK
999
_c
2326
_d
2326